| 000 | 00787nam a2200157 a 4500 | ||
|---|---|---|---|
| 008 | 120416s1965 ||||||||||||||||| || u | ||
| 050 | _aHF 5719 Shu | ||
| 100 | _aShuter, Robert L | ||
| 245 | 1 | 0 | _aBusiness research and report writing |
| 260 |
_aNew York _bMcGraw-Hill _c1965 |
||
| 300 | _a204p. | ||
| 350 | _a0.00 | ||
| 995 |
_aBINDERY (DAMAGED) _D0.00 _e703122 _FCBU-MAIN LIBRARY (Kitwe) _H2 _I0.00 _jHF 5719 Shu _M1 _UDAMAGED _y703122 _ZMain Library Open Access Collection |
||
| 995 |
_aBINDERY (DAMAGED) _D0.00 _e703123 _FCBU-MAIN LIBRARY (Kitwe) _H1 _I0.00 _jHF 5719 Shu _UDAMAGED _WJun 3, 2009 _y703123 _ZMain Library Open Access Collection |
||
| 995 |
_aMAIN LIBRARY OPEN ACCESS _D0.00 _e713178 _FCBU-MAIN LIBRARY (Kitwe) _H1 _I0.00 _jHF 5719 Shu _M1 _UAVAILABLE _y007947 _ZMain Library Open Access Collection |
||
| 999 |
_c79060 _d79060 |
||